000 00282nam a2200109Ia 4500
008 220204s9999 xx 000 0 und d
082 _a796
_bARL
245 0 _aOxford companion to sports and games
260 _aLondon
_bOxford University
_c1975
700 _aArlott, John
942 _cBK
999 _c32013
_d32013